[Event "Hastings Masters 2011-12"]
[Site "Hastings ENG"]
[Date "2012.01.03"]
[Round "7.16"]
[White "Simacek, Pavel"]
[Black "Britton, Richard L"]
[Result "1-0"]
[WhiteElo "2448"]
[BlackElo "2219"]
[PlyCount "67"]
[EventDate "2011.12.28"]

1. e4 c5 2. Nc3 d6 3. f4 Nc6 4. Nf3 g6 5. g3 Bg7 6. Bg2 e6 7. O-O Nge7 8. d3 b6
9. Nh4 Bb7 10. f5 Bd4+ 11. Kh1 Qd7 12. Ne2 Be5 13. c3 gxf5 14. exf5 exf5 15.
Bh6 Bf6 16. Qa4 Rg8 17. Nxf5 Nxf5 18. Rxf5 Rg6 19. Raf1 Rxh6 20. Qf4 Rg6 21.
Rxf6 Nd8 22. Rf5 Kf8 23. Qh4 Kg8 24. Rh5 Bxg2+ 25. Kxg2 Qg4 26. Qxg4 Rxg4 27.
Nf4 Ne6 28. Nd5 Rg7 29. Ne7+ Kh8 30. Nf5 Rg5 31. Rxg5 Nxg5 32. h4 Ne6 33. Nxd6
Kg8 34. Nxf7 1-0

[Event "Hastings Masters 2011-12"]
[Site "Hastings ENG"]
[Date "2012.01.03"]
[Round "7.17"]
[White "Snape, Ian L"]
[Black "Demuth, Adrien"]
[Result "0-1"]
[WhiteElo "2231"]
[BlackElo "2442"]
[PlyCount "76"]
[EventDate "2011.12.28"]

1. e4 e5 2. f4 d5 3. exd5 exf4 4. Nf3 Nf6 5. Bc4 Nxd5 6. O-O Be6 7. Bb3 Be7 8.
c4 Nb6 9. d4 Nxc4 10. Nc3 Nd6 11. Bxe6 fxe6 12. Qe2 O-O 13. Qxe6+ Kh8 14. Nd5
Nc6 15. Bxf4 Bf6 16. Nxc7 Qxc7 17. Bxd6 Nxd4 18. Nxd4 Bxd4+ 19. Kh1 Rxf1+ 20.
Rxf1 Qc6 21. Re1 Bxb2 22. h3 h6 23. Bg3 Qxe6 24. Rxe6 b5 25. Be5 Bxe5 26. Rxe5
Rb8 27. Re7 a6 28. Ra7 Rb6 29. Kh2 Rc6 30. a3 Kh7 31. h4 Kg6 32. g3 h5 33. Kh3
Kf6 34. Ra8 g6 35. Rf8+ Ke5 36. Rf4 Rb6 37. Kg2 a5 38. Kf3 Rf6 0-1

[Event "Hastings Masters 2011-12"]
[Site "Hastings ENG"]
[Date "2012.01.03"]
[Round "7.21"]
[White "Burnett, Jim"]
[Black "Massoni, Michael"]
[Result "0-1"]
[WhiteElo "2137"]
[BlackElo "2304"]
[PlyCount "56"]
[EventDate "2011.12.28"]

1. d4 Nf6 2. c4 g6 3. g3 c6 4. Bg2 d5 5. Nf3 Bg7 6. O-O O-O 7. b3 dxc4 8. bxc4
c5 9. Bb2 Qb6 10. Qb3 Nc6 11. d5 Na5 12. Qxb6 axb6 13. Nbd2 Rd8 14. h3 b5 15.
cxb5 Rxd5 16. Rfd1 Be6 17. Ne5 Rd6 18. Bc3 Nd5 19. Bxa5 Bxe5 20. Nc4 Bxa1 21.
Rxa1 Rd7 22. Be1 Rad8 23. Ne5 Rc7 24. Ba5 b6 25. Nc6 Rxc6 26. bxc6 bxa5 27. Rd1
Rd6 28. Bxd5 Rxd5 0-1

[Event "Hastings Masters 2011-12"]
[Site "Hastings ENG"]
[Date "2012.01.03"]
[Round "7.22"]
[White "Waddington, Mike P"]
[Black "Stewart, Neil"]
[Result "1/2-1/2"]
[WhiteElo "2114"]
[BlackElo "2299"]
[PlyCount "129"]
[EventDate "2011.12.28"]

1. Nc3 d5 2. e4 c6 3. f4 dxe4 4. Nxe4 Nf6 5. Nf2 g6 6. Nf3 Ng4 7. Nd3 Bg7 8. h3
Nf6 9. Nde5 O-O 10. Bc4 Nd5 11. O-O Be6 12. d4 Nd7 13. Qe2 Nxe5 14. dxe5 b5 15.
Bb3 Qb6+ 16. Kh1 Rad8 17. Ng5 a6 18. c4 bxc4 19. Bxc4 a5 20. Nxe6 fxe6 21. Qe4
Kh8 22. b3 Qb4 23. Qc2 Bh6 24. Bd2 Qc5 25. Qe4 Rf7 26. Rac1 Qb6 27. Rf3 Rdf8
28. Rcf1 Qc5 29. a4 Rd8 30. g4 Rdf8 31. g5 Bg7 32. h4 Rf5 33. Kg2 h5 34. Kg3
Bxe5 35. Kg2 Qd4 36. Bd3 Qxe4 37. Bxe4 Nxf4+ 38. Bxf4 Rxf4 39. Rxf4 Bxf4 40.
Bxg6 e5 41. Bxh5 Kg7 42. Bf3 Rh8 43. Rh1 c5 44. Be4 e6 45. Rh3 Kf7 46. g6+ Ke7
47. Kf3 Rd8 48. Rh1 Rh8 49. Kg4 Rb8 50. Bc2 Rd8 51. Rd1 Rxd1 52. Bxd1 Kf6 53.
Bc2 Kg7 54. Be4 Bd2 55. Kf3 Be1 56. h5 Bb4 57. Ke2 Bc3 58. Kd3 Bb4 59. Kc4 Kh6
60. Kb5 Kg7 61. Kc6 Ba3 62. Kd7 Bb4 63. Kxe6 Bd2 64. Kxe5 Bc1 65. Bd3 1/2-1/2

[Event "Hastings Masters 2011-12"]
[Site "Hastings ENG"]
[Date "2012.01.03"]
[Round "7.23"]
[White "Grant, Alan G"]
[Black "Talsma, Paul"]
[Result "1/2-1/2"]
[WhiteElo "2186"]
[BlackElo "2246"]
[PlyCount "70"]
[EventDate "2011.12.28"]

1. Nf3 f5 2. c4 Nf6 3. g3 g6 4. Bg2 Bg7 5. Nc3 d6 6. O-O O-O 7. d3 Nc6 8. Rb1
a5 9. a3 Nh5 10. Bd2 f4 11. b4 axb4 12. axb4 Bg4 13. Ne4 Qd7 14. b5 Nd4 15. Bc3
Nxf3+ 16. exf3 Bf5 17. Qb3 Kh8 18. Ra1 Bxe4 19. dxe4 Bxc3 20. Qxc3+ e5 21. Rxa8
Rxa8 22. Ra1 Rxa1+ 23. Qxa1 b6 24. Qa8+ Kg7 25. g4 Nf6 26. g5 Ng8 27. h4 Ne7
28. Kh2 Qc8 29. Qa7 h6 30. Bh3 Qd8 31. Be6 hxg5 32. hxg5 Ng8 33. Qb7 Ne7 34.
Kg2 Ng8 35. Kf1 Ne7 1/2-1/2

[Event "Hastings Masters 2011-12"]
[Site "Hastings ENG"]
[Date "2012.01.03"]
[Round "7.24"]
[White "Franklin, Samuel G A"]
[Black "Arkell, Keith C"]
[Result "0-1"]
[WhiteElo "2179"]
[BlackElo "2418"]
[PlyCount "76"]
[EventDate "2011.12.28"]

1. e4 e6 2. d4 d5 3. Nc3 dxe4 4. Nxe4 Bd7 5. Nf3 Bc6 6. Bd3 Nd7 7. O-O Ngf6 8.
Ng3 Be7 9. Re1 Bxf3 10. Qxf3 c6 11. c3 O-O 12. Bg5 Re8 13. Rad1 Qa5 14. Bxf6
Nxf6 15. a3 Rad8 16. Ne4 Rd5 17. Nxf6+ Bxf6 18. Be4 Rd6 19. Qd3 g6 20. Qc4 Red8
21. Bf3 h5 22. Qb3 R8d7 23. h3 Kg7 24. g3 h4 25. g4 Qd8 26. Kg2 Bg5 27. Qc2 Bf4
28. Qe4 g5 29. Rb1 b6 30. b4 Bd2 31. Red1 Bxc3 32. Rbc1 Bxd4 33. Rxc6 Rxc6 34.
Qxc6 Rd6 35. Qb5 Qf6 36. Rd3 Qf4 37. Qc4 e5 38. Kf1 e4 0-1

[Event "Hastings Masters 2011-12"]
[Site "Hastings ENG"]
[Date "2012.01.03"]
[Round "7.25"]
[White "Hagesaether, Arne"]
[Black "Godard, Maxence"]
[Result "0-1"]
[WhiteElo "2152"]
[BlackElo "2333"]
[PlyCount "62"]
[EventDate "2011.12.28"]

1. e4 c6 2. d4 d5 3. Nc3 dxe4 4. Nxe4 Nd7 5. Ng5 Ngf6 6. Bd3 e6 7. N1f3 Bd6 8.
O-O h6 9. Ne4 Nxe4 10. Bxe4 Qc7 11. c4 Nf6 12. Bc2 b6 13. Bd2 Bb7 14. b4 c5 15.
Ba4+ Ke7 16. bxc5 bxc5 17. d5 exd5 18. Re1+ Kf8 19. cxd5 Nxd5 20. Rb1 Nb6 21.
Ba5 Rd8 22. Qe2 Kg8 23. Ne5 h5 24. Bb3 c4 25. Bc2 Re8 26. Qxc4 Rxe5 27. Qxc7
Bxc7 28. Bxb6 axb6 29. Rxe5 Bxe5 30. Rxb6 Bc8 31. Bb3 Kf8 0-1

[Event "Hastings Masters 2011-12"]
[Site "Hastings ENG"]
[Date "2012.01.03"]
[Round "7.26"]
[White "Gregory, Stephen J"]
[Black "Krishna, C.R.G."]
[Result "1-0"]
[WhiteElo "2124"]
[BlackElo "2305"]
[PlyCount "81"]
[EventDate "2011.12.28"]

1. e4 e6 2. d3 d5 3. Nd2 c5 4. Ngf3 Nc6 5. g3 g6 6. Bg2 Bg7 7. O-O Nge7 8. Re1
b6 9. e5 h6 10. h4 Qc7 11. Qe2 Bb7 12. a3 O-O-O 13. b4 cxb4 14. Nb3 bxa3 15.
Bxa3 g5 16. hxg5 hxg5 17. Nxg5 Nf5 18. Nf3 Rdg8 19. c3 Bf8 20. Bc1 Bh6 21. Nbd4
Ncxd4 22. Nxd4 Nxd4 23. cxd4 Kb8 24. Qa2 a6 25. Ba3 Bf8 26. Rec1 Qd8 27. Qb2
Bxa3 28. Rxa3 Qe7 29. Rac3 b5 30. Rc5 f5 31. Qa3 Rh7 32. Kf1 f4 33. gxf4 Qg7
34. Bf3 Rh2 35. Ke2 Qg3 36. Rf1 Qxf4 37. Rxb5 Qxd4 38. Qd6+ Ka8 39. Rxb7 Rxf2+
40. Rxf2 Kxb7 41. Bxd5+ 1-0

[Event "Hastings Masters 2011-12"]
[Site "Hastings ENG"]
[Date "2012.01.03"]
[Round "7.27"]
[White "Rudd, Jack"]
[Black "Helbig, Paul D"]
[Result "1-0"]
[WhiteElo "2290"]
[BlackElo "2128"]
[PlyCount "77"]
[EventDate "2011.12.28"]

1. e4 Nf6 2. e5 Nd5 3. d4 d6 4. c4 Nb6 5. f4 dxe5 6. fxe5 Nc6 7. Be3 Bf5 8. Nc3
e6 9. Nf3 Bg4 10. Qd2 Bb4 11. a3 Bxc3 12. bxc3 O-O 13. Bd3 Bxf3 14. gxf3 f6 15.
exf6 Qxf6 16. O-O-O Na5 17. Qa2 c5 18. Rhg1 cxd4 19. Bxd4 e5 20. c5+ Kh8 21.
Be3 Qxf3 22. Rg3 Qd5 23. c4 Nbxc4 24. Bxh7 Qc6 25. Bd3 Qa4 26. Rh3+ Kg8 27.
Bh7+ Kf7 28. Rf3+ Ke6 29. Rd6+ Ke7 30. Bg5+ Rf6 31. Bxf6+ gxf6 32. Qg2 Rf8 33.
Rdxf6 Rxf6 34. Qg7+ Kd8 35. Qxf6+ Kc7 36. Bc2 Qb5 37. Qf7+ Qd7 38. Ba4 Nb3+ 39.
Bxb3 1-0

[Event "Hastings Masters 2011-12"]
[Site "Hastings ENG"]
[Date "2012.01.03"]
[Round "7.28"]
[White "Furman, Boris"]
[Black "Lasinskas, Povilas"]
[Result "1-0"]
[WhiteElo "2280"]
[BlackElo "2122"]
[PlyCount "79"]
[EventDate "2011.12.28"]

1. d4 Nf6 2. c4 b6 3. Nc3 Bb7 4. Nf3 g6 5. Bg5 Ne4 6. Nxe4 Bxe4 7. e3 Bg7 8.
Be2 O-O 9. O-O h6 10. Bh4 d6 11. Qb3 Nd7 12. Rfd1 c5 13. Nd2 Bb7 14. d5 Nf6 15.
f4 Bc8 16. h3 Nh7 17. Bd3 f5 18. Rf1 Qe8 19. e4 e5 20. dxe6 Bxe6 21. Rae1 Qd7
22. Qc2 Rae8 23. exf5 Bxf5 24. Ne4 Kh8 25. Nc3 Rxe1 26. Bxe1 g5 27. Bxf5 Rxf5
28. Nd5 Bd4+ 29. Bf2 Bxf2+ 30. Rxf2 gxf4 31. Nxf4 Rf6 32. Qc3 Qf5 33. g4 Qe5
34. Qxe5 dxe5 35. Nd5 Rxf2 36. Kxf2 Ng5 37. h4 Ne4+ 38. Ke3 Nd6 39. b3 Kg7 40.
Kd3 1-0

[Event "Hastings Masters 2011-12"]
[Site "Hastings ENG"]
[Date "2012.01.03"]
[Round "7.29"]
[White "Briscoe, Chris"]
[Black "McKenna, Jason P"]
[Result "1/2-1/2"]
[WhiteElo "2220"]
[BlackElo "2110"]
[PlyCount "49"]
[EventDate "2011.12.28"]

1. c4 g6 2. g3 Bg7 3. Bg2 d6 4. Nf3 Nf6 5. O-O O-O 6. Nc3 c5 7. d4 cxd4 8. Qxd4
Ng4 9. Qd2 Nc6 10. b3 Qa5 11. Bb2 Bh6 12. Qd5 Bg7 13. Qxa5 Nxa5 14. Rad1 Nc6
15. e3 Nge5 16. Nxe5 Bxe5 17. Rd2 Be6 18. Rfd1 Rac8 19. h3 Rfe8 20. Kh2 Nd8 21.
Nd5 Bxb2 22. Rxb2 Kg7 23. Rbd2 Bd7 24. h4 Ne6 25. Bh3 1/2-1/2

[Event "Hastings Masters 2011-12"]
[Site "Hastings ENG"]
[Date "2012.01.03"]
[Round "7.30"]
[White "Roubaud, Alexandre"]
[Black "Anderson, John"]
[Result "1-0"]
[WhiteElo "2086"]
[BlackElo "2202"]
[PlyCount "45"]
[EventDate "2011.12.28"]

1. e4 c5 2. Nf3 Nc6 3. d4 cxd4 4. Nxd4 Nf6 5. Nc3 d6 6. Be3 Ng4 7. Bb5 Nxe3 8.
fxe3 Bd7 9. O-O g6 10. Bxc6 bxc6 11. Qf3 f6 12. e5 dxe5 13. Nxc6 Qc8 14. Nb4
Rb8 15. Nbd5 Bg7 16. h3 Be6 17. Rad1 Qb7 18. Ne4 O-O 19. Nc5 Bxd5 20. Rxd5 Qc6
21. Nd7 Rbd8 22. Rfd1 e6 23. Nxf6+ 1-0

[Event "Hastings Masters 2011-12"]
[Site "Hastings ENG"]
[Date "2012.01.03"]
[Round "7.31"]
[White "Marusenko, Petr"]
[Black "Drogou, Gerard"]
[Result "1-0"]
[WhiteElo "2198"]
[BlackElo "2063"]
[PlyCount "73"]
[EventDate "2011.12.28"]

1. d4 Nf6 2. c4 e6 3. Nc3 d5 4. cxd5 exd5 5. Bg5 c6 6. e3 Be7 7. Bd3 Bg4 8. f3
Bh5 9. Nge2 Bg6 10. Bxg6 hxg6 11. Qc2 Na6 12. O-O-O Nc7 13. Nf4 Qd6 14. e4 Nxe4
15. Nxe4 dxe4 16. Qxe4 Nd5 17. Nxd5 cxd5 18. Qe3 Kf8 19. Bf4 Qd7 20. Kb1 f6 21.
Rc1 Bd6 22. Bxd6+ Qxd6 23. Qa3 Qxa3 24. bxa3 Rh4 25. g4 Rh3 26. Rc7 Re8 27.
Rxb7 Re7 28. Rb3 g5 29. a4 Rc7 30. a5 a6 31. Rb6 Rxf3 32. Rc1 Rxc1+ 33. Kxc1
Ra3 34. Rxa6 Rxa2 35. Ra7 Ra4 36. a6 Rxd4 37. Rb7 1-0

[Event "Hastings Masters 2011-12"]
[Site "Hastings ENG"]
[Date "2012.01.03"]
[Round "7.33"]
[White "Pickersgill, Adrian O"]
[Black "Maciol, Ryszard"]
[Result "0-1"]
[WhiteElo "1990"]
[BlackElo "2185"]
[PlyCount "124"]
[EventDate "2011.12.28"]

1. e4 e6 2. d4 d5 3. Nc3 Bb4 4. e5 b6 5. Qg4 Bf8 6. Bg5 Qd7 7. Nf3 Nc6 8. a3
Bb7 9. O-O-O h6 10. Be3 O-O-O 11. Bd3 Nge7 12. Qh3 Na5 13. Nd2 f5 14. f4 Kb8
15. Rhe1 c5 16. Bb5 Nec6 17. dxc5 bxc5 18. Bf2 Qc7 19. Na4 d4 20. Qd3 Ne7 21.
g3 Nd5 22. Kb1 g5 23. fxg5 hxg5 24. Bg1 Be7 25. b3 Nc6 26. Nc4 a6 27. Bxc6 Bxc6
28. Ncb2 Qb7 29. Ka1 Qb5 30. Nc4 Ka7 31. Rb1 f4 32. Qg6 Bd7 33. Qd3 Bc6 34. Qg6
Bd7 35. Qd3 Rb8 36. Qg6 Rhg8 37. Qd3 Rbd8 38. Qe4 Rg7 39. Qd3 Bc6 40. Qd2 Rh7
41. Rbc1 Rh6 42. Nab2 Rf8 43. Nd3 Ne3 44. gxf4 gxf4 45. Nd6 Bxd6 46. exd6 Rh5
47. a4 Qb6 48. Ka2 e5 49. a5 Qb5 50. c4 Qb8 51. Nxc5 Qxd6 52. b4 Rb8 53. Bxe3
fxe3 54. Rxe3 Qh6 55. Re2 Qxd2+ 56. Rxd2 Rxb4 57. Rf2 e4 58. Rf7+ Ka8 59. Ka3
Rb8 60. Nb3 Rh3 61. Rb1 d3 62. Rf6 d2 0-1

[Event "Hastings Masters 2011-12"]
[Site "Hastings ENG"]
[Date "2012.01.03"]
[Round "7.34"]
[White "Bharathi, R."]
[Black "Lock, Gavin R"]
[Result "1/2-1/2"]
[WhiteElo "2094"]
[BlackElo "2157"]
[PlyCount "68"]
[EventDate "2011.12.28"]

1. e4 c6 2. d4 d5 3. exd5 cxd5 4. c4 Nf6 5. Nc3 Nc6 6. Nf3 Bg4 7. cxd5 Nxd5 8.
Qb3 Bxf3 9. gxf3 e6 10. Qxb7 Nxd4 11. Bb5+ Nxb5 12. Qc6+ Ke7 13. Qxb5 Qd7 14.
Nxd5+ Qxd5 15. Qxd5 exd5 16. Bg5+ f6 17. Be3 Ke6 18. O-O-O Bb4 19. a3 Rhc8+ 20.
Kb1 Bc5 21. Rhe1 Bxe3 22. Rxe3+ Kd6 23. Red3 Rc5 24. b4 Rb5 25. Kb2 a5 26. Rd4
axb4 27. axb4 Ke5 28. f4+ Ke6 29. Kb3 g6 30. h3 Ra7 31. Re1+ Kd7 32. Red1 Ke6
33. Re1+ Kd7 34. Red1 Ke6 1/2-1/2

[Event "Hastings Masters 2011-12"]
[Site "Hastings ENG"]
[Date "2012.01.03"]
[Round "7.35"]
[White "Sreeves, Clement"]
[Black "Armstrong, Malcolm J"]
[Result "1/2-1/2"]
[WhiteElo "2247"]
[BlackElo "2016"]
[PlyCount "69"]
[EventDate "2011.12.28"]

1. Nf3 Nf6 2. c4 e6 3. g3 d5 4. Bg2 Be7 5. O-O O-O 6. b3 c6 7. Bb2 Nbd7 8. d4
b6 9. Nbd2 Bb7 10. Qc2 Rc8 11. e4 dxe4 12. Nxe4 c5 13. Nxf6+ Bxf6 14. Ng5 Bxg5
15. Bxb7 Rc7 16. Bg2 Bf6 17. dxc5 Nxc5 18. Rad1 Qe7 19. Bc1 Rd8 20. Rxd8+ Qxd8
21. Rd1 Rd7 22. Rxd7 Qxd7 23. Bf4 a5 24. Qd2 Qxd2 25. Bxd2 Kf8 26. Kf1 Ke7 27.
Ke2 Kd6 28. Be3 Bc3 29. Kd1 a4 30. Kc2 Ba5 31. Bd4 axb3+ 32. axb3 e5 33. Bb2
Bb4 34. Bc1 Ne6 35. Be3 1/2-1/2

[Event "Hastings Masters 2011-12"]
[Site "Hastings ENG"]
[Date "2012.01.03"]
[Round "7.36"]
[White "Duff, Rufus"]
[Black "Repplinger, Marc"]
[Result "1/2-1/2"]
[WhiteElo "2088"]
[BlackElo "2241"]
[PlyCount "94"]
[EventDate "2011.12.28"]

1. e4 e6 2. d4 d5 3. Nd2 Nf6 4. e5 Nfd7 5. Bd3 c5 6. c3 Nc6 7. Ne2 cxd4 8. cxd4
f6 9. exf6 Nxf6 10. Nf3 Bd6 11. O-O Qc7 12. Bg5 O-O 13. Bh4 Nh5 14. Qc2 h6 15.
Bh7+ Kh8 16. Bg6 Rxf3 17. Bxh5 Bxh2+ 18. Kh1 Rf8 19. g3 g5 20. Bxg5 hxg5 21.
Kxh2 Qh7 22. Qxh7+ Kxh7 23. f4 gxf4 24. gxf4 Bd7 25. Kg3 Rf6 26. Rh1 Rh6 27.
Bg4 Rc8 28. Rxh6+ Kxh6 29. Rd1 Ne7 30. Rc1 Rxc1 31. Nxc1 Nc6 32. Nb3 b6 33. Kf3
Kg6 34. Ke3 Kf6 35. Nc1 Nb4 36. Kd2 Bb5 37. a3 Nc6 38. Ke3 Na5 39. b3 Nc6 40.
Na2 Bf1 41. Nc3 Ne7 42. Nb1 Nc6 43. Nd2 Bb5 44. Bd1 Ne7 45. Bg4 Be8 46. Nf3 a5
47. Ne5 Bb5 1/2-1/2

[Event "Hastings Masters 2011-12"]
[Site "Hastings ENG"]
[Date "2012.01.03"]
[Round "7.37"]
[White "De Andres Gonalons, Fernando"]
[Black "Kewes, Gerd"]
[Result "0-1"]
[WhiteElo "2091"]
[BlackElo "2222"]
[PlyCount "104"]
[EventDate "2011.12.28"]

1. d4 Nf6 2. c4 c5 3. d5 e6 4. Nc3 exd5 5. cxd5 d6 6. g3 g6 7. Bg2 Bg7 8. Nf3
O-O 9. O-O a6 10. a4 Nh5 11. Re1 Nd7 12. Qc2 Rb8 13. Rb1 b5 14. axb5 axb5 15.
b3 Ne5 16. Nxe5 Bxe5 17. Bb2 f5 18. e3 Bd7 19. Ra1 Qc7 20. Ne2 Bxb2 21. Qxb2 b4
22. Rec1 Bb5 23. Bf3 Qg7 24. Qxg7+ Nxg7 25. Nf4 Rfc8 26. Be2 Bxe2 27. Nxe2 Ra8
28. Nf4 Ne8 29. h4 Nf6 30. f3 Kf7 31. Rd1 h6 32. Kf2 g5 33. hxg5 hxg5 34. Ne6
Kg6 35. g4 fxg4 36. e4 gxf3 37. Kxf3 Rh8 38. e5 dxe5 39. Rxa8 Rxa8 40. Nxc5 Ra5
41. Ne6 e4+ 42. Ke3 Nxd5+ 43. Kd4 Nc3 44. Re1 Ra6 45. Nc5 Rb6 46. Ra1 g4 47.
Nxe4 Nxe4 48. Kxe4 Kg5 49. Ra8 Rb7 50. Rc8 Re7+ 51. Kd4 g3 52. Kc4 Re4+ 0-1

[Event "Hastings Masters 2011-12"]
[Site "Hastings ENG"]
[Date "2012.01.03"]
[Round "7.38"]
[White "Kurka, Dieter"]
[Black "Rolvag, Mikael"]
[Result "1-0"]
[WhiteElo "2058"]
[BlackElo "2201"]
[PlyCount "57"]
[EventDate "2011.12.28"]

1. d4 d5 2. Nf3 Nf6 3. Bf4 c5 4. e3 Qb6 5. Nc3 c4 6. Rb1 Bf5 7. Be2 e6 8. O-O
Bb4 9. Ne5 O-O 10. g4 Bg6 11. h4 h6 12. Nxg6 fxg6 13. g5 hxg5 14. hxg5 Nh7 15.
Bg4 Qc6 16. Qf3 Nd7 17. Qh3 Rae8 18. Kg2 Rf7 19. Rh1 Ndf8 20. Qg3 b5 21. Rh2
Rd7 22. Rbh1 Be7 23. Ne2 b4 24. Rxh7 Nxh7 25. Qh4 Nf8 26. Qh8+ Kf7 27. Be5 Rc8
28. Qxg7+ Ke8 29. Rh8 1-0

[Event "Hastings Masters 2011-12"]
[Site "Hastings ENG"]
[Date "2012.01.03"]
[Round "7.39"]
[White "Saranya, J."]
[Black "Martinsen, Stig K"]
[Result "1-0"]
[WhiteElo "2069"]
[BlackElo "2145"]
[PlyCount "73"]
[EventDate "2011.12.28"]

1. e4 c5 2. Nf3 g6 3. c3 Bg7 4. d4 cxd4 5. cxd4 d5 6. e5 Nh6 7. Nc3 O-O 8. Be2
Bg4 9. O-O Nc6 10. h3 Bxf3 11. Bxf3 e6 12. Be3 f6 13. Bg4 f5 14. Bf3 f4 15. Bc1
Nf5 16. Ne2 Qb6 17. Nxf4 Ncxd4 18. Re1 Rac8 19. Rb1 Qa5 20. Bg4 Qxa2 21. Bd2
Qa6 22. Bc3 Qb6 23. Nd3 Nc6 24. Rc1 a5 25. Ra1 Ra8 26. Ra4 d4 27. Bd2 Qb5 28.
Nf4 Rfe8 29. Be2 Qb6 30. Bc4 Nxe5 31. Bxe6+ Kh8 32. Bxf5 gxf5 33. Nh5 Bf8 34.
Bg5 Bd6 35. Bf6+ Kg8 36. Rxd4 Nf7 37. Rg4+ 1-0

[Event "Hastings Masters 2011-12"]
[Site "Hastings ENG"]
[Date "2012.01.03"]
[Round "7.40"]
[White "Jaunooby, Ali R"]
[Black "Flynn, David"]
[Result "1-0"]
[WhiteElo "2144"]
[BlackElo "1978"]
[PlyCount "51"]
[EventDate "2011.12.28"]

1. d4 Nf6 2. c4 g6 3. g3 Bg7 4. Bg2 c6 5. e4 d6 6. Nc3 O-O 7. h3 e5 8. Be3 a6
9. a4 Nbd7 10. Nge2 Nb6 11. b3 Ne8 12. g4 f5 13. gxf5 gxf5 14. exf5 Bxf5 15.
Be4 Bxe4 16. Nxe4 Qh4 17. N2g3 Bh6 18. Qg4+ Qxg4 19. hxg4 Bxe3 20. fxe3 Rd8 21.
Nf5 Nc8 22. Rh6 Rf7 23. Ke2 Ne7 24. Nfxd6 Nxd6 25. Nxd6 Rg7 26. Nxb7 1-0

[Event "Hastings Masters 2011-12"]
[Site "Hastings ENG"]
[Date "2012.01.03"]
[Round "7.41"]
[White "Luaces Rubio, Alfredo"]
[Black "Cafferty, Bernard"]
[Result "1/2-1/2"]
[WhiteElo "2020"]
[BlackElo "2127"]
[PlyCount "77"]
[EventDate "2011.12.28"]

1. b3 d5 2. Bb2 Bg4 3. Nf3 Bxf3 4. exf3 e6 5. g3 Nf6 6. Bg2 Be7 7. O-O O-O 8.
f4 c6 9. Nc3 a5 10. a4 Na6 11. d3 Rb8 12. Ne2 Ne8 13. Nd4 Bf6 14. Qc1 Nd6 15.
Nf3 Bxb2 16. Qxb2 Nf5 17. Ne5 Nc7 18. Qc3 Ra8 19. d4 Qd6 20. Rfd1 Rfb8 21. Qd3
Na6 22. c4 Nb4 23. Qd2 Qc7 24. Rac1 dxc4 25. bxc4 Rd8 26. Qb2 Rab8 27. d5 c5
28. dxe6 fxe6 29. Qe2 Qe7 30. Be4 Qe8 31. Rxd8 Rxd8 32. Bxb7 Qxa4 33. Qh5 Rf8
34. Qe2 Rd8 35. Nf3 Qd7 36. Be4 Qe8 37. Ng5 Kh8 38. Qf1 h6 39. Nf3 1/2-1/2

[Event "Hastings Masters 2011-12"]
[Site "Hastings ENG"]
[Date "2012.01.03"]
[Round "7.44"]
[White "Olsarova, Tereza"]
[Black "Wallis, Ian J"]
[Result "1-0"]
[WhiteElo "2232"]
[BlackElo "2003"]
[PlyCount "87"]
[EventDate "2011.12.28"]

1. e4 e5 2. Nf3 Nc6 3. Bb5 a6 4. Ba4 d6 5. d4 b5 6. Bb3 Nxd4 7. Nxd4 exd4 8.
Bd5 Rb8 9. Qxd4 Nf6 10. O-O Be7 11. a4 O-O 12. axb5 axb5 13. Nc3 b4 14. Ne2 c5
15. Qd3 Nxd5 16. Qxd5 Be6 17. Qd1 Bc4 18. b3 Bf6 19. Ra7 Bb5 20. Bf4 Qb6 21.
Ra2 Rbd8 22. Re1 Rfe8 23. Ng3 Bc3 24. Bd2 Be5 25. Nf5 Bd7 26. Ne3 Be6 27. Qe2
Ra8 28. Rxa8 Rxa8 29. Nd5 Bxd5 30. exd5 Qa6 31. Qe4 h6 32. g3 Qc8 33. Kg2 Ra2
34. Re2 f5 35. Qc4 Qa6 36. Qxa6 Rxa6 37. Kf3 Kf7 38. Bf4 Kf6 39. Ke3 g5 40.
Bxe5+ dxe5 41. Kd3 e4+ 42. Kc4 Ke5 43. Kxc5 f4 44. Kxb4 1-0

[Event "Hastings Masters 2011-12"]
[Site "Hastings ENG"]
[Date "2012.01.03"]
[Round "7.45"]
[White "Ledger, Dave J"]
[Black "Hoare, Amy B"]
[Result "1-0"]
[WhiteElo "2228"]
[BlackElo "1930"]
[PlyCount "73"]
[EventDate "2011.12.28"]

1. e4 e5 2. Nf3 Nf6 3. Nxe5 d6 4. Nf3 Nxe4 5. Nc3 Nxc3 6. dxc3 Be7 7. Be3 Nd7
8. Qd2 O-O 9. O-O-O Nc5 10. Kb1 c6 11. c4 Bf5 12. h4 Ne4 13. Qe1 Bf6 14. Nd4
Bd7 15. f3 Nc5 16. Nb3 Nxb3 17. axb3 Qe7 18. Qd2 Rfd8 19. g4 Qe5 20. Qc1 Be7
21. Bd3 g6 22. Rde1 Qh8 23. h5 Be8 24. Bd2 Rd7 25. Re2 Qg7 26. f4 f6 27. Bc3 d5
28. cxd5 cxd5 29. Bd4 b6 30. g5 Qf8 31. hxg6 Bxg6 32. Bxg6 hxg6 33. Rh6 Qg7 34.
Qh1 Rf8 35. Reh2 Bd8 36. Rh8+ Kf7 37. R8h7 1-0

[Event "Hastings Masters 2011-12"]
[Site "Hastings ENG"]
[Date "2012.01.03"]
[Round "7.47"]
[White "Green, Andrew D"]
[Black "Taylor, Adam C"]
[Result "1/2-1/2"]
[WhiteElo "2145"]
[BlackElo "1772"]
[PlyCount "111"]
[EventDate "2011.12.28"]

1. e4 c5 2. Nf3 d6 3. Bb5+ Bd7 4. Bxd7+ Qxd7 5. O-O Nc6 6. c3 Nf6 7. Qe2 e6 8.
d4 cxd4 9. cxd4 d5 10. e5 Ne4 11. Be3 Be7 12. Ne1 h6 13. f3 Ng5 14. Nd2 f5 15.
Nd3 Nf7 16. Nf4 g5 17. Ng6 Rg8 18. Nxe7 Qxe7 19. Nb3 h5 20. f4 gxf4 21. Rxf4
O-O-O 22. Rc1 Rg7 23. Na5 Rdg8 24. Rf2 Nfd8 25. Qxh5 Kb8 26. Nxc6+ Nxc6 27. Rd1
Rg4 28. Qh6 R8g6 29. Qh8+ Rg8 30. Qf6 Qe8 31. h3 Rg3 32. Qh6 R8g6 33. Qf4 Rxh3
34. Rf3 Rh7 35. Rg3 Rxg3 36. Qxg3 Qh5 37. Rc1 Qh1+ 38. Kf2 Qh4 39. Kf3 Nxd4+
40. Bxd4 Qe4+ 41. Kf2 Qxd4+ 42. Qe3 Qxb2+ 43. Kf3 Rg7 44. Rc8+ Kxc8 45. Qc5+
Kd7 46. Qd6+ Ke8 47. Qxe6+ Re7 48. Qg8+ Kd7 49. Qxd5+ Kc8 50. Qc5+ Kd8 51. Qd6+
Ke8 52. Qg6+ Kd8 53. Qd6+ Ke8 54. Qg6+ Rf7 55. Qe6+ Re7 56. Qg6+ 1/2-1/2

[Event "Hastings Masters 2011-12"]
[Site "Hastings ENG"]
[Date "2012.01.03"]
[Round "7.48"]
[White "Murchadha, Oissine"]
[Black "Barton, R Alan"]
[Result "0-1"]
[WhiteElo "1846"]
[BlackElo "2073"]
[PlyCount "82"]
[EventDate "2011.12.28"]

1. e4 d5 2. exd5 Qxd5 3. Nc3 Qa5 4. d4 c6 5. Nf3 Nf6 6. Bd2 Bf5 7. Bc4 e6 8.
O-O Bb4 9. Re1 Nbd7 10. a3 Bxc3 11. Bxc3 Qc7 12. b4 b5 13. Bb3 O-O 14. Bb2 a5
15. Nh4 Bg4 16. f3 Bh5 17. g3 axb4 18. axb4 Nd5 19. Qd2 Qd6 20. c3 N7b6 21. f4
Rxa1 22. Bxa1 Ra8 23. Bb2 Qd8 24. Re5 Bg6 25. Nxg6 hxg6 26. Re1 Na4 27. Ba1 Ra7
28. Rb1 Nab6 29. Bb2 Qa8 30. h4 Na4 31. c4 bxc4 32. Bxc4 Nxb2 33. Bxd5 exd5 34.
Rxb2 Qe8 35. Rb3 Ra1+ 36. Kg2 Qe4+ 37. Rf3 Ra3 38. Qf2 Rc3 39. Qf1 f5 40. Qd1
Re3 41. Qf1 Kh7 0-1

[Event "Hastings Masters 2011-12"]
[Site "Hastings ENG"]
[Date "2012.01.03"]
[Round "7.49"]
[White "Haria, Ravi"]
[Black "Clayton, Tristan"]
[Result "1-0"]
[WhiteElo "2045"]
[BlackElo "1812"]
[PlyCount "39"]
[EventDate "2011.12.28"]

1. e4 c6 2. d4 d5 3. e5 c5 4. Nf3 Nc6 5. c4 cxd4 6. Nxd4 Nxd4 7. Qxd4 dxc4 8.
Qxd8+ Kxd8 9. Bxc4 e6 10. Nc3 Bb4 11. O-O Bxc3 12. bxc3 Bd7 13. Rd1 Rc8 14. Bb5
Rc7 15. Rb1 b6 16. Ba3 Ke8 17. Bd6 a6 18. Bxc7 axb5 19. Rd6 Ne7 20. Rxb6 1-0

[Event "Hastings Masters 2011-12"]
[Site "Hastings ENG"]
[Date "2012.01.03"]
[Round "7.50"]
[White "Canonne, Antoine"]
[Black "Arias Castanedo, Jacinto"]
[Result "1/2-1/2"]
[WhiteElo "2023"]
[BlackElo "1941"]
[PlyCount "71"]
[EventDate "2011.12.28"]

1. e4 c6 2. d4 d5 3. Nc3 dxe4 4. Nxe4 Bf5 5. Ng3 Bg6 6. h4 h6 7. Bc4 e6 8. N1e2
Nf6 9. Nf4 Bh7 10. Qe2 Nd5 11. Nxd5 cxd5 12. Bd3 Bxd3 13. Qxd3 Qb6 14. O-O Nc6
15. c3 O-O-O 16. b4 Bd6 17. a4 a5 18. b5 Ne7 19. Ba3 Kb8 20. Bxd6+ Rxd6 21. Qf3
f5 22. h5 Ng8 23. Qf4 Nf6 24. Rfe1 Ka8 25. f3 Rc8 26. Ra3 Rc4 27. Qe3 Qc7 28.
Kf2 Rb6 29. Qe5 Rxc3 30. Rxc3 Qxc3 31. Ne2 Qb4 32. Nf4 Nd7 33. Qxg7 e5 34. Qg8+
Ka7 35. dxe5 Qd4+ 36. Kg3 1/2-1/2